01371nac a22003011i 4500003000900000005001700009008004100026020001800067020001500085040004300100082002400143100004400167245014500211264006400356300002800420504005100448650005800499650004700557650006300604650006800667653000800735655001700743856008600760856007400846942001200920999001500932952012200947EG-ScBUE20230402111417.0230402s1992 enk f b 001 0 eng d a9780521034432 a0521034434 aEG-ScBUEbengerdacEG-ScBUEdEG-ScBUE04a792.092241bSTE2221 aStephens, John Russell, eauthor.14aThe profession of the playwright :bBritish theatre, 1800-1900 /cJohn Russell Stephens, lecturer in English, University College of Swansea. 1aCambridge ;aNew York :bCambridge University Press,c1992. axix, 254 pages ;c23 cm aIncludes bibliographical references and index. 7aTheaterzGreat BritainxHistoryy19th century.2BUEsh 7aTheater and societyzGreat Britain.2BUEsh 7aEnglish dramay19th centuryxHistory and criticism.2BUEsh 7aDramaxPublishingzGreat BritainxHistoryy19th century.2BUEsh bART vReading book423Publisher descriptionuhttp://www.loc.gov/catdir/description/cam024/90025605.html423Table of contentsuhttp://www.loc.gov/catdir/toc/cam028/90025605.html cBB2ddc c3416d3416 00102ddc40708BaccahaMAINbMAINc2NDd2010-04-07ePurchasel0o792.092241 STEp000030540r2025-07-15 00:00:00yBB